000 01226nam1a2200289 i 4500
001 RU\NLR\ONL2\22926
005 20241118012353.0
035 _a(NLR Aleph) 010209885
090 _a10270031
_c10270031
100 _a20120416d2011 c||y0rusy50 ca
101 0 _atat
102 _aRU
105 _aa |||||||||
200 1 _aМэктэпкэчэ яшьтэгелэр элифбасы
_eавазларны уйнатып
_eэш дэфтэре
_eмэктэпкэ эзерлек төркемендэ тэрбиялэнуче балалар өчен
_fР. К. Шэехова
210 _aКазан
_cХэтер
_d2011
215 _d26
541 1 _6z01790
_aАзбука для дошкольников. Играем со звуками и словами
_eрабочая тетрадь N2 для детей ст. дошк. возраста.
_zrus
686 1 _aЧ411.382
700 1 _aШэехова
_bР. К.
_gРезеда Камил кызы
_4070
790 1 _6z01541
_aШаехова
_bР. К.
_gРезеда Камильевна
_4070
801 0 _aRU
_bNLR
_c20120416
_gPSBO
852 _aNLR
_jТатар./4-1332
852 _aNLR
_bОНЛ
942 _cBOOK
980 _aONL_RF